ENGLISH IN WORKSHOP PRACTICE (Record no. 583586)

000 -LEADER
fixed length control field 00274nam a22001217a 4500
020 ## - INTERNATIONAL STANDARD BOOK NUMBER
International Standard Book Number 0-19-437502-1
082 ## - DEWEY DECIMAL CLASSIFICATION NUMBER
Classification number 670.42 MOU'E
100 ## - MAIN ENTRY--PERSONAL NAME
Personal name MOUNTFORD, A
9 (RLIN) 78468
245 ## - TITLE STATEMENT
Title ENGLISH IN WORKSHOP PRACTICE
260 ## - PUBLICATION, DISTRIBUTION, ETC.
Place of publication, distribution, etc. LONDON
Name of publisher, distributor, etc. OXFORD
Date of publication, distribution, etc. 1975
300 ## - PHYSICAL DESCRIPTION
Extent 146P
942 ## - ADDED ENTRY ELEMENTS (KOHA)
Koha item type Book
Holdings
Withdrawn status Lost status Damaged status Not for loan Permanent Location Current Location Shelving location Date acquired Total Checkouts Full call number Barcode Date last seen Price effective from Koha item type
        College of Electrical & Mechanical Engineering (CEME) College of Electrical & Mechanical Engineering (CEME) General Stacks 06/15/2017   670.42 MOU'E CEME-8215 06/28/2021 06/28/2021 Book
© 2023 Central Library, National University of Sciences and Technology. All Rights Reserved.